000
00301nam a22001337a 4500
003
SGT
082
_a
612.015
_b
B16V
100
_a
VASUDAEVAN, D.M.
245
_a
TB. OF BIOCHEMISTRY FOR MEDICAL STUDENTS
250
_a
8TH
260
_a
INDIA
_b
JAYPEE
_c
2016
300
_a
718
942
_2
ddc
_c
BK
_0
341
999
_c
15097
_d
15097